| 000 | 00758nam a2200265 a 4500 | ||
|---|---|---|---|
| 001 | BRL_388 | ||
| 005 | 20190320210722.0 | ||
| 008 | 060813s1977----mx-a######---#000-0#spa-# | ||
| 041 | _aspa | ||
| 044 | _amx | ||
| 050 | 4 |
_aF1435 _b.T46 1977 |
|
| 100 | 1 |
_aThompson, J. Eric S. _919257 |
|
| 245 | 1 | 0 |
_aArqueología maya _cJ. Eric S. Thompson ; traductor Mario Bracamonte C. |
| 260 |
_aMéxico _bDiana _c6a imp. 1977 |
||
| 300 |
_a271 p. _bil. _c22 cm. |
||
| 500 | _aTraducción de: Maya Archaeologist | ||
| 500 | _aAu370 | ||
| 650 | 1 | 4 |
_aArqueología maya _923747 |
| 650 | 1 | 4 |
_aMayas _xHistoria _923497 |
| 650 | 1 | 4 |
_aArquitectura maya _9623 |
| 700 | 1 |
_aBracamonte C., Mario _etr. _923748 |
|
| 740 | 0 | _aMaya Archaeologist | |
| 902 | _aGRL | ||
| 942 |
_2lcc _cB |
||
| 999 |
_c9201 _d9201 |
||